000
00276nam a2200109Ia 4500
008
220204s9999 xx 000 0 und d
082
_a
658
_b
GHO
245
0
_a
Business communication: An introduction
260
_a
Bombay
_b
Somaiya
_c
1977
700
_a
Ghonsagi, B D
942
_c
BK
999
_c
31125
_d
31125